<?xml version="1.0" encoding="UTF-8"?><OAI-PMH xmlns="http://www.openarchives.org/OAI/2.0/" xmlns:xsi="http://www.w3.org/2001/XMLSchema-instance"     xsi:schemaLocation="http://www.openarchives.org/OAI/2.0/ http://www.openarchives.org/OAI/2.0/OAI-PMH.xsd"><responseDate>2026-05-15T08:08:03Z</responseDate><request verb="GetRecord" identifier="oai:regmurcia.com:fintegr.2600" metadataPrefix="marc21">http://oai.regmurcia.com/oai2/oai2.php</request><GetRecord><record><header><identifier>oai:regmurcia.com:fintegr.2600</identifier><datestamp>2026-05-15</datestamp><setSpec>documentos</setSpec></header><metadata><record  xmlns="http://www.loc.gov/MARC21/slim" xmlns:xsi="http://www.w3.org/2001/XMLSchema-instance" xsi:schemaLocation="http://www.loc.gov/MARC21/slim http://www.loc.gov/standards/marcxml/schema/MARC21slim.xsd" type="Bibliographic"><leader>00000nam a2200000   4500</leader><controlfield tag="001" >005071318</controlfield><controlfield tag="003" >2600</controlfield><controlfield tag="004" >A00000000</controlfield><datafield tag="245" ind1=" " ind2=" "><subfield code="a">El concejo de Murcia ordena a Yuçuf Alori, sisero de ese año, que pague ciertas cantidades a diversas personas.</subfield></datafield><datafield tag="300" ind1=" " ind2=" "><subfield code="c">258 x 218 mm.</subfield></datafield><datafield tag="351" ind1=" " ind2=" "><subfield code="a">Unidad Documental Simple</subfield><subfield code="c">Archivo de Murcia. Array</subfield><subfield code="a">Unidad Documental Simple</subfield><subfield code="c">Archivo de Murcia. Array</subfield></datafield><datafield tag="351" ind1=" " ind2=" "><subfield code="b">Nº 3</subfield></datafield><datafield tag="506" ind1=" " ind2=" "><subfield code="a">Acceso restringido</subfield></datafield><datafield tag="520" ind1=" " ind2=" "><subfield code="a">El concejo manda a Yuçuf Alori, sisero del año 1479, que pague a:
- Violante de Cascales, como tutora de su hija Catalina Riquelme, 7.260, de los 26.500 maravedíes que le tenían que pagar como indemnización por el robo y muerte de su marido Francisco Riquelme cuando viajaba a la Corte en nombre del concejo.
- Tadeo Negro, 4.000 maravedíes.
- Bartolomé Rodríguez de Alcaraz, 3.000 maravedíes.
- Sancho Fernández de Pantoja, mayordomo del concejo, 1.000 maravedíes.
- Juan de Valladolid, jurado, 200 maravedíes.
- Lope Sánchez de Castillo, corregidor, 1.000</subfield></datafield><datafield tag="583" ind1=" " ind2=" "><subfield code="u">http://www.regmurcia.com/servlet/s.Sl?METHOD=VERDOCUMENTO&amp;sit=serv,Carmesi&amp;n=/01/5235/indice.djvu</subfield></datafield><datafield tag="592" ind1=" " ind2=" "><subfield code="a">1479-11-16</subfield></datafield><datafield tag="592" ind1=" " ind2=" "><subfield code="d">1479-11-16 00:00:00</subfield></datafield><datafield tag="651" ind1=" " ind2=" "><subfield code="a">[Murcia]</subfield></datafield><datafield tag="786" ind1=" " ind2=" "><subfield code="o">http://www.regmurcia.com/servlet/s.Sl?METHOD=VERDOCUMENTO&amp;sit=serv,Carmesi&amp;n=/01/5235/indice.djvu</subfield></datafield><datafield tag="856" ind1=" " ind2=" "><subfield code="u">http://www.regmurcia.com/servlet/s.Sl?METHOD=DETALLE&amp;sit=c,373,m,139,serv,Carmesi&amp;id=2600</subfield></datafield></record></metadata></record></GetRecord></OAI-PMH>
